Σικελιανός, ο ορφικός

Αποθηκεύτηκε σε:
Λεπτομέρειες βιβλιογραφικής εγγραφής
Κύριος συγγραφέας: Δημόπουλος, Τάκης Ν., 1918-1949
Μορφή: Βιβλίο
Γλώσσα:Greek
Δημοσίευση: [Αθήνα] : Ικαρος, 1981
Θέματα:
Ετικέτες: Προσθήκη ετικέτας
Δεν υπάρχουν, Καταχωρήστε ετικέτα πρώτοι!

MARC

LEADER 00000cam a2200000 i 4500
001 1/87064
008 960916s1981 gr | ||| |||| ||gre||
035 |a 1993  |b 1  |c Αναγνωστοπούλου  |l 10035142 
040 |a GR-MY-UA  |b gre  |e aacr 
041 0 |a gre 
082 0 |a 889.13 
100 1 |a Δημόπουλος, Τάκης Ν.,   |d 1918-1949. 
245 1 0 |a Σικελιανός, ο ορφικός /  |c Τάκη Δημόπουλου 
260 |a [Αθήνα] :   |b Ικαρος,   |c 1981 
300 |a 118 σ. 
600 1 0 |a Σικελιανός, Άγγελος,   |d 1884-1951. 
650 0 0 |a Poets, Greek (Modern)  |x History and criticism. 
852 |a INST  |b RHODES  |e 19960916  |h 889.13 ΔΗΜ  |p 005400009869  |q 005400009869  |t BK  |y 0 
909 |a Ρ  |b 025037  |c 1993 
970 |z 2000/07/ΚΑΤΕΡΙΝΑ